都道府県道1号 - Statistics

General Stats
  • This quiz has been taken 38 times
  • The average score is 21 of 53
Answer Stats
起点・終点 備考 % Correct
北海道道1号 小樽
66%
岩手県道1号 盛岡
63%
青森県道1号 八戸
56%
宮城県道1号 古川 大崎市内
56%
秋田県道1号 横手
53%
山形県道1号 米沢
50%
群馬県道1号 沼田
50%
栃木県道1号 宇都宮
47%
新潟県道1号 新潟
47%
三条
47%
富山県道1号 富山
47%
愛知県道1号 富山 豊根村内
47%
岐阜県道1号 岐阜
47%
埼玉県道1号 さいたま
44%
川口
44%
千葉県道1号 市川
44%
松戸
44%
魚津
44%
長野県道1号 飯田
44%
奈良県道1号 奈良
44%
生駒
44%
熊本県道1号 熊本
44%
福島県道1号 檜枝岐
41%
茨城県道1号 笠間
41%
石川県道1号 七尾
41%
福井県道1号 小浜
41%
静岡県道1号 佐久間 浜松市内
41%
山口県道1号 岩国
41%
徳島県道1号 徳島
41%
長崎県道1号 佐世保
41%
佐賀県道1号 嬉野
41%
鹿児島県道1号 えびの高原
41%
高畠
38%
輪島
38%
京都府道1号 綾部
38%
広島県道1号 大竹
38%
福岡県道1号 豊前
38%
玉名
38%
定山渓 札幌市内
34%
階上
34%
大阪府道1号 茨木
34%
宮崎県道1号 小林
34%
摂津
31%
香川県道1号 引田 東かがわ市内
31%
鳥取県道1号 溝口 伯耆町内
28%
佐沼 登米市内
22%
南濃 海津市内
22%
竹野 豊岡市内
22%
牧園 霧島市内
22%
島根県道1号 伯太 安来市内
19%
小須戸 新潟市内
16%
兵庫県道1号 日高 豊岡市内
16%
大分県道1号 万田 中津市内
16%
No matching quizzes found
Score Distribution
Percent of People with Each Score
Percentile by Number Answered
Your Score History
You have not taken this quiz